Guess the Kanye West songs by the lyrics - Statistics

General Stats
  • This quiz has been taken 54 times
  • The average score is 16 of 38
Answer Stats
lyrics Answer % Correct
"I gotta testify, come up in the spot lookin'extra fly 'Fore the day I die, I'ma ______ ___ ___" Touch the sky
87%
"I know I got to be right now 'cause I can't getmuch wronger Man, I've been waitin' all night now That's how long I been on ya" Stronger
76%
"Now, I ain't sayin' she a ____ _____, butshe ain't messing with no broke niggas" gold digger
74%
"Never was much of a romantic,I could never take the intimacy. and I know it did damage, 'cause the look in your eyes is killing me" runaway
74%
"In the night, I hear 'emtalk The coldest story ever told somewhere far along this road he lost his soul" heartless
72%
"Someday, we gon' set it off Someday, we gon'get this off Baby don't you bet it all on a pack of fentanyl" Ghost town
65%
"On my way, heading up the stairs To my surprise, a nigga replacing meI had to take him to that ghetto university" All of the lights
63%
"This that Game of Thrones, Yeezy,not the clones Elon, where my rocket ship? It's time to go home" CARNIVAL
63%
"I wanna go to the ____, don't leave so soonHow could I get through? Moon
63%
"Did you realize, that you were a_______ in their eyes? Yes I did, so I packed it up and brought it back to the crib" Champion
61%
"She's so precious with the peerpressure Couldn't afford a car, so she named her daughter Alexis" All Falls Down
59%
"I'll turn this plane 'round, yourass keep complaining How you gon' be mad on vacation? Dutty whining 'round all these Jamaicans" Bound 2
59%
"Human beings in a mob,what's a mob to a king? What's a king to a God? What's a God to a non-believer?" No church in the wild
59%
"If you could feel how my face felt, youwould know how Mase felt Thank God I ain't too cool for the safe belt" Through the wire
54%
"4 in the morning, and I'm zoning,They say I'm possessed, it's an omen. I keep it 300, like the romans" Black Skinhead
52%
"Gossip, gossip nigga, just stop iteverybody know I'm a motherfuckin' _____" Monster
52%
"Hey, baby, you forgot your Ray-Bansand my sheets still orange from your spray tan" No more parties in LA
48%
"My furs is Mongolian, my icebrought the goalies in and I embody every characteristic of the egotistic" POWER
48%
"Bye-bye to my old self wake up to thenew me, I used to be on Worldstar now I'm making Newsweek" FATHER
46%
"I can't handle no liquor but these bitches can'thandle me. I can't control my niggas, and my niggas they can't control me" Hold my liquor
46%
"For when my kid-kid-kids have kids Everythingwe did for the crib Everything we did, how we live" Off the grid
46%
"Lifelike, this is what your life like,try to live your life right people really know you, push your buttons like type write" Follow God
43%
"We don't have to worryand we don't have to hold on to pain we left behind" ALL THE LOVE
41%
"Man, I can understand how it mightbe kinda hard to love a girl like me I don't blame you much for wanting to be free" Famous
39%
"Guess who's going to ____ tonight?God gon' post my bail tonight" Jail
37%
"My face turned to stone when I heard the newswhen you decide to break the rules 'Cause I just heard some real ___ ____" Bad news
35%
"Life of a don, lights keep glowingComin' in the club with that fresh shit on with something crazy on my arm" barry bonds
28%
"You made a kingdom fall in love. I'll take the pill it'ssmall enough, too late, my system's run amok. I wanna beat somebody up" BULLY
26%
"Up in the morning, miss you bad, sorry I ain't call you back same problem my father had" Pt.2
20%
"Yeah, you supermodel thickDamn, that ass bustin' out the bottom I'ma lose my mind in it Crazy, that medulla oblongata" All mine
17%
"Climax fast to a slow jamToxic love, chemical romance" HIGHS AND LOWS
17%
"Too much money to spend all on me Too much hate and not enough love Free Larry, free Young Thug" RIVER
17%
"We began after the storm insideLay the land, It's just the morning light" Everything we need
15%
"We gon' take it to the moon, take it to thestars How many people you know can take it this far?" Lift off
11%
"This is not a typo, we reply Now youspillin' type O out your side" FRIED
7%
"Born in Atlanta, not Montana 'Scuse my mannersI got standards" Junya
7%
"We gon' run it up, but we ain't in a rush If it don't scare you, you ain't dreamin' big enough" THIS A MUST
7%
"Fell in love for the night 'Fore you sayhow I'm wrong, what is you doin' right?" MR MIYAGI
2%
No matching quizzes found
Score Distribution
Percent of People with Each Score
Percentile by Number Answered
Your Score History
You have not taken this quiz